<?xml version="1.0" encoding="UTF-8"?>
<marc:record xmlns:marc="http://www.loc.gov/MARC21/slim" type="Bibliographic">
   <marc:leader>00000pam a2200000 c 4500</marc:leader>
   <marc:controlfield tag="001">945871546</marc:controlfield>
   <marc:controlfield tag="003">DE-101</marc:controlfield>
   <marc:controlfield tag="005">20171202223625.0</marc:controlfield>
   <marc:controlfield tag="007">tu</marc:controlfield>
   <marc:controlfield tag="008">951019s1996    gw ||||| |||| 00||||ger  </marc:controlfield>
   <marc:datafield ind1=" " ind2=" " tag="015">
      <marc:subfield code="a">96,A11,0489</marc:subfield>
      <marc:subfield code="z">95,N50,0290</marc:subfield>
      <marc:subfield code="2">dnb</marc:subfield>
   </marc:datafield>
   <marc:datafield ind1="7" ind2=" " tag="016">
      <marc:subfield code="2">DE-101</marc:subfield>
      <marc:subfield code="a">945871546</marc:subfield>
   </marc:datafield>
   <marc:datafield ind1=" " ind2=" " tag="020">
      <marc:subfield code="a">9783764352783</marc:subfield>
      <marc:subfield code="c">kart. : sfr 34.00</marc:subfield>
      <marc:subfield code="9">978-3-7643-5278-3</marc:subfield>
   </marc:datafield>
   <marc:datafield ind1=" " ind2=" " tag="020">
      <marc:subfield code="a">3764352787</marc:subfield>
      <marc:subfield code="c">kart. : sfr 34.00</marc:subfield>
      <marc:subfield code="9">3-7643-5278-7</marc:subfield>
   </marc:datafield>
   <marc:datafield ind1=" " ind2=" " tag="035">
      <marc:subfield code="a">(DE-599)DNB945871546</marc:subfield>
   </marc:datafield>
   <marc:datafield ind1=" " ind2=" " tag="035">
      <marc:subfield code="a">(OCoLC)243818846</marc:subfield>
   </marc:datafield>
   <marc:datafield ind1=" " ind2=" " tag="040">
      <marc:subfield code="a">1140</marc:subfield>
      <marc:subfield code="b">ger</marc:subfield>
      <marc:subfield code="c">DE-101</marc:subfield>
      <marc:subfield code="d">9999</marc:subfield>
   </marc:datafield>
   <marc:datafield ind1=" " ind2=" " tag="041">
      <marc:subfield code="a">ger</marc:subfield>
   </marc:datafield>
   <marc:datafield ind1=" " ind2=" " tag="043">
      <marc:subfield code="c">XA-DE</marc:subfield>
   </marc:datafield>
   <marc:datafield ind1=" " ind2=" " tag="044">
      <marc:subfield code="c">XA-DE</marc:subfield>
   </marc:datafield>
   <marc:datafield ind1=" " ind2=" " tag="084">
      <marc:subfield code="a">17</marc:subfield>
      <marc:subfield code="a">44</marc:subfield>
      <marc:subfield code="a">16</marc:subfield>
      <marc:subfield code="a">330</marc:subfield>
      <marc:subfield code="a">380</marc:subfield>
      <marc:subfield code="a">650</marc:subfield>
      <marc:subfield code="a">670</marc:subfield>
      <marc:subfield code="q">DE-101</marc:subfield>
      <marc:subfield code="2">sdnb</marc:subfield>
   </marc:datafield>
   <marc:datafield ind1=" " ind2=" " tag="084">
      <marc:subfield code="a">10.2aa</marc:subfield>
      <marc:subfield code="a">10.4</marc:subfield>
      <marc:subfield code="a">10.7a</marc:subfield>
      <marc:subfield code="q">DE-101</marc:subfield>
      <marc:subfield code="2">sswd</marc:subfield>
   </marc:datafield>
   <marc:datafield ind1=" " ind2=" " tag="090">
      <marc:subfield code="a">b</marc:subfield>
   </marc:datafield>
   <marc:datafield ind1="0" ind2="0" tag="245">
      <marc:subfield code="a">Zukunftsfähiges Deutschland</marc:subfield>
      <marc:subfield code="b">ein Beitrag zu einer global nachhaltigen Entwicklung ; Studie des Wuppertal-Instituts für Klima, Umwelt, Energie GmbH</marc:subfield>
      <marc:subfield code="c">BUND/Misereor (Hrsg.). [Autoren Reinhard Loske ... Unter Mitarb. von: Thomas Böhmer ...]</marc:subfield>
   </marc:datafield>
   <marc:datafield ind1=" " ind2="1" tag="264">
      <marc:subfield code="a">Basel</marc:subfield>
      <marc:subfield code="a">Boston</marc:subfield>
      <marc:subfield code="a">Berlin</marc:subfield>
      <marc:subfield code="b">Birkhäuser</marc:subfield>
      <marc:subfield code="c">1996</marc:subfield>
   </marc:datafield>
   <marc:datafield ind1=" " ind2=" " tag="300">
      <marc:subfield code="a">453 S.</marc:subfield>
      <marc:subfield code="b">graph. Darst.</marc:subfield>
      <marc:subfield code="c">21 cm</marc:subfield>
   </marc:datafield>
   <marc:datafield ind1=" " ind2=" " tag="336">
      <marc:subfield code="a">Text</marc:subfield>
      <marc:subfield code="b">txt</marc:subfield>
      <marc:subfield code="2">rdacontent</marc:subfield>
   </marc:datafield>
   <marc:datafield ind1=" " ind2=" " tag="337">
      <marc:subfield code="a">ohne Hilfsmittel zu benutzen</marc:subfield>
      <marc:subfield code="b">n</marc:subfield>
      <marc:subfield code="2">rdamedia</marc:subfield>
   </marc:datafield>
   <marc:datafield ind1=" " ind2=" " tag="338">
      <marc:subfield code="a">Band</marc:subfield>
      <marc:subfield code="b">nc</marc:subfield>
      <marc:subfield code="2">rdacarrier</marc:subfield>
   </marc:datafield>
   <marc:datafield ind1=" " ind2=" " tag="500">
      <marc:subfield code="a">Literaturverz. S. 431 - 453</marc:subfield>
   </marc:datafield>
   <marc:datafield ind1=" " ind2="7" tag="650">
      <marc:subfield code="0">(DE-588)4326464-5</marc:subfield>
      <marc:subfield code="0">http://d-nb.info/gnd/4326464-5</marc:subfield>
      <marc:subfield code="0">(DE-101)043264646</marc:subfield>
      <marc:subfield code="a">Nachhaltigkeit</marc:subfield>
      <marc:subfield code="2">gnd</marc:subfield>
   </marc:datafield>
   <marc:datafield ind1=" " ind2="7" tag="650">
      <marc:subfield code="0">(DE-588)4078523-3</marc:subfield>
      <marc:subfield code="0">http://d-nb.info/gnd/4078523-3</marc:subfield>
      <marc:subfield code="0">(DE-101)040785238</marc:subfield>
      <marc:subfield code="a">Umweltpolitik</marc:subfield>
      <marc:subfield code="2">gnd</marc:subfield>
   </marc:datafield>
   <marc:datafield ind1=" " ind2="7" tag="651">
      <marc:subfield code="0">(DE-588)4011882-4</marc:subfield>
      <marc:subfield code="0">http://d-nb.info/gnd/4011882-4</marc:subfield>
      <marc:subfield code="0">(DE-101)040118827</marc:subfield>
      <marc:subfield code="a">Deutschland</marc:subfield>
      <marc:subfield code="2">gnd</marc:subfield>
   </marc:datafield>
   <marc:datafield ind1="0" ind2="0" tag="689">
      <marc:subfield code="0">(DE-588)4011882-4</marc:subfield>
      <marc:subfield code="0">http://d-nb.info/gnd/4011882-4</marc:subfield>
      <marc:subfield code="0">(DE-101)040118827</marc:subfield>
      <marc:subfield code="D">g</marc:subfield>
      <marc:subfield code="a">Deutschland</marc:subfield>
   </marc:datafield>
   <marc:datafield ind1="0" ind2="1" tag="689">
      <marc:subfield code="0">(DE-588)4326464-5</marc:subfield>
      <marc:subfield code="0">http://d-nb.info/gnd/4326464-5</marc:subfield>
      <marc:subfield code="0">(DE-101)043264646</marc:subfield>
      <marc:subfield code="D">s</marc:subfield>
      <marc:subfield code="a">Nachhaltigkeit</marc:subfield>
   </marc:datafield>
   <marc:datafield ind1="0" ind2="2" tag="689">
      <marc:subfield code="0">(DE-588)4078523-3</marc:subfield>
      <marc:subfield code="0">http://d-nb.info/gnd/4078523-3</marc:subfield>
      <marc:subfield code="0">(DE-101)040785238</marc:subfield>
      <marc:subfield code="D">s</marc:subfield>
      <marc:subfield code="a">Umweltpolitik</marc:subfield>
   </marc:datafield>
   <marc:datafield ind1="0" ind2=" " tag="689">
      <marc:subfield code="5">DE-101</marc:subfield>
      <marc:subfield code="5">DE-101</marc:subfield>
   </marc:datafield>
   <marc:datafield ind1="1" ind2=" " tag="700">
      <marc:subfield code="0">(DE-588)113694997</marc:subfield>
      <marc:subfield code="0">http://d-nb.info/gnd/113694997</marc:subfield>
      <marc:subfield code="0">(DE-101)113694997</marc:subfield>
      <marc:subfield code="a">Loske, Reinhard</marc:subfield>
      <marc:subfield code="d">1959-</marc:subfield>
      <marc:subfield code="e">Mitwirkender</marc:subfield>
      <marc:subfield code="4">ctb</marc:subfield>
   </marc:datafield>
   <marc:datafield ind1="2" ind2=" " tag="710">
      <marc:subfield code="0">(DE-588)2133644-1</marc:subfield>
      <marc:subfield code="0">http://d-nb.info/gnd/2133644-1</marc:subfield>
      <marc:subfield code="0">(DE-101)007801858</marc:subfield>
      <marc:subfield code="a">Wuppertal Institut für Klima, Umwelt, Energie</marc:subfield>
      <marc:subfield code="e">Herausgebendes Organ</marc:subfield>
      <marc:subfield code="4">isb</marc:subfield>
   </marc:datafield>
   <marc:datafield ind1=" " ind2=" " tag="850">
      <marc:subfield code="a">DE-101a</marc:subfield>
      <marc:subfield code="a">DE-101b</marc:subfield>
   </marc:datafield>
   <marc:datafield ind1="4" ind2="2" tag="856">
      <marc:subfield code="m">V:DE-605</marc:subfield>
      <marc:subfield code="q">application/pdf</marc:subfield>
      <marc:subfield code="u">http://d-nb.info/945871546/04</marc:subfield>
      <marc:subfield code="3">Inhaltsverzeichnis</marc:subfield>
   </marc:datafield>
   <marc:datafield ind1="r" ind2=" " tag="925">
      <marc:subfield code="a">ra</marc:subfield>
   </marc:datafield>
</marc:record>
